Sportovní- umělecká gymnastika. Roč. 17, č. 1-12, 1967
| Médium: | Kniha |
|---|---|
| Jazyk: | neznámy jazyk |
| Vydavateľské údaje: |
Praha
ČSTV Olympia
1967
|
MARC
| LEADER | 00000nam a2200000 a 4500 | ||
|---|---|---|---|
| 001 | vtls001386940 | ||
| 003 | SK-MaSNL | ||
| 005 | 20260224023234.0 | ||
| 008 | 210928s1967 xx 0 und | ||
| 035 | |a SNK000341124 | ||
| 040 | |a SNK |b slo |c SNK |e AACR2 | ||
| 245 | 1 | |a Sportovní- umělecká gymnastika. Roč. 17, č. 1-12, 1967 | |
| 260 | |a Praha |b ČSTV Olympia |c 1967 | ||
| 958 | |a OND | ||
| 999 | |c 809753 |d 811683 | ||
| 952 | |t P60, <06>, [BOOK], {606} |a SNK |b SNK |y PREZ |7 0 |p 17A0235232 |o snkČC 604/17/1967 |0 0 |1 1 |4 0 |d 2000-04-12 |l 0 |r 2005-01-02 00:00:00 |w 2026-02-24 | ||


